=LDR 00000nam 2200000 4500 =001 INLIS000000000035974 =005 20130612141805 =008 ***********************************Ind** =035 ##$$0010-061300000035974 =041 ##$$a Ind =082 ##$$a 650 =090 ##$$a 650, Zoh s =100 ##$$a Zohar,Danah =245 ##$$a Spiritual capital,, memberdayakan sq di dunia bisnis,, Danah Zohar =260 ##$$a Mizan $b Bandung =300 ##$$a 254 hlm, ilus, 22 cm =850 ##$$a NBPNMAT =990 ##$$a 0001/BPAP-NTB/2016